| 000 | 00778nam a22001337a 4500 | ||
|---|---|---|---|
| 999 |
_c529096 _d529096 |
||
| 008 | 250220b ||||| |||| 00| 0 eng d | ||
| 100 |
_a Mishra, Manoj Kumar _950770 |
||
| 245 | _a The factors behind the US failure in Afghanistan: Impending challenges under Taliban rule | ||
| 260 | _aWorld Affairs: The Journal of International Issues | ||
| 300 | _a28(4), Oct-Dec, 2024: p.72-89 | ||
| 520 | _a The article gives an account of the factors that led the united states armed finesse to exit Afghanistan as and when they did in August 2021 after twenty years of presence, leaving the country at the mercy of the Taliban which successive US government had tried to eradicate. – Reproduced | ||
| 773 | _aWorld Affairs: The Journal of International Issues | ||
| 942 | _cAR | ||